000
00228nam a22001097a 4500
082
_a
621.381RYD
100
_a
Ryder
245
_a
Engineering electronics
260
_a
I Tokye
_b
McGraw hill
_c
1967
300
_a
690
942
_c
BK
999
_c
12030
_d
12030